000 00850nam a2200265Ia 4500
005 20260601193254.0
008 260601s9999||||xx |||||||||||||| ||und||
020 _a978-3-031-66743-5
_qebk
100 _aA. Augusto de Sousa
245 0 _aComputer Vision, Imaging and Computer Graphics Theory and Applications
250 _a2024
260 _aHeidelberg, Germany
_bSpringer Nature
_c2024
440 _aCommunications in Computer and Information Science
650 _aComputer Science
700 _aAlexis Paljic
700 _aChristophe Hurter
700 _aGiovanni Maria Farinella
700 _aHelen Purchase
700 _aKadi Bouatouch
700 _aMounia Ziat
700 _aPetia Radeva
700 _aThomas Bashford-Rogers
856 _uhttps://link.springer.com/openurl?genre=book&isbn=978-3-031-66743-5
942 _cEB
_2ddc
999 _c56823
_d56823